| 000 | 00817nam a2200265Ia 4500 | ||
|---|---|---|---|
| 008 | 160303s9999 xx 000 0 und d | ||
| 020 | _a81-7992-103-4 | ||
| 050 | _aMAIN HD 62.4 | ||
| 050 | _b.M37 2003 | ||
| 100 | _aMarquardt, Michael J. | ||
| 245 | _aGlobal teams : | ||
| 245 | _bhow top multinationals span boundaries and cultures with high-speed teamwork / | ||
| 245 | _cMichael J. Marquardt, Lisa Horvath. | ||
| 260 | _aMumbai : | ||
| 260 | _bJaico Publishing House. | ||
| 260 | _c2003 | ||
| 300 | _a246 pages : | ||
| 300 | _bcolor illustrations ; | ||
| 300 | _c25 cm. | ||
| 500 | _aIncludes bibliographical references and index. | ||
| 650 | _aIntercultural communication. | ||
| 650 | _aInternational business enterprises -- | ||
| 650 | _aTeams in the workplace. | ||
| 650 | _xManagement. | ||
| 999 |
_c291081 _d291081 |
||